00800nam a2200205 a 450000100100000000500170001000800410002702000150006804000250008308200150010810000370012324501200016026000290028030000210030950400280033070000360035871000700039495201130046499900170057700003720720200930080216.0120305s1993 sp 000 0 spa d a8477901457 aDO-SdBNPbspacBNPHU axxxxbE82c1 aEstrada Lorenzo, Federico96362210aCriterios de garantía en la planificación de regadíos. /cFederico Estrada Lorenzo ; Javier Luján García. aMadrid, :bCedex,c1993. a284 p. ;c24 cm. aBibliografia P: 283-2841 aLuján García, Javier9636231 aCentro de estudios y experimentación de obras públicas934864 001050718MOaGRbGRcCTd2012-03-05iLF1l0oxxxx E82cp37207-10r2020-06-25w2020-06-25y1ZNo se presta c36697d36697